[Event "It (cat.11)"]
[Site "masterchessopen.com Rishon le Zion (Israel)"]
[Round "0"]
[White "Gofshtein Zvulon (ISR)"]
[Black "Shmuter Leonid (UKR)"]
[Result "1-0"]
[WhiteElo "2495"]
[BlackElo "2470"]

1.e4 c5 2.Nf3 d6 3.d4 cxd4 4.Nxd4 Nf6 5.Nc3 Nc6 6.Bg5 e6 7.Qd2 Be7 8.O-O-O O-O
9.f4 Nxd4 10.Qxd4 Qa5 11.Qd3 Rd8 12.Qg3 Bd7 13.Bd3 Bc6 14.Kb1 Rd7 15.Rhe1 Qd8
16.Bh6 Ne8 17.Re3 Kf8 18.Qh3 Bh4 19.g3 Bf6 20.e5 dxe5 21.fxe5 Bg5 22.Bxg5 Qxg5
23.g4 Rad8 24.Rg1 h5 25.Qg3 hxg4 26.h3 Nc7 27.Qf2 Rd4 28.Ne2 Rb4 29.a3 Ra4
30.h4 Qh6 31.b3 Rxa3 32.Rxg4 Ra5 33.Rg6 Qh5 34.Rg5 Qh6 35.Reg3 Ne8 36.Nf4 Rxd3
37.Rxd3 Qh7 38.Nxe6+ Ke7 39.Nxg7 Qe4 40.Nxe8 Bxe8 41.Qf6+ {#r} 1-0

[Event "Ch Switzerland (team)"]
[Site "masterchessopen.com Switzerland"]
[Round "0"]
[White "Trepp Markus (SUI)"]
[Black "Zueger Beat (SUI)"]
[Result "0-1"]
[WhiteElo "2375"]
[BlackElo "2420"]

1.e4 c5 2.Nf3 Nc6 3.d4 cxd4 4.Nxd4 Nf6 5.Nc3 d6 6.Bg5 e6 7.Qd2 Be7 8.O-O-O O-O
9.f4 Nxd4 10.Qxd4 Qa5 11.Bc4 Bd7 12.Rhf1 Bc6 13.Kb1 Rad8 14.Bb3 h6 15.Bh4 Qh5
16.Bg3 d5 17.exd5 Nxd5 18.Nxd5 Bxd5 19.Bxd5 Rxd5 20.Qg1 Rfd8 21.Rxd5 Qxd5
22.Bf2 Bf6 23.Be3 Qb5 24.Bc1 Bd4 25.Qh1 Rc8 26.Rf3 Qe2 27.c3 Bf2 28.f5 e5
29.g4 Rd8 {#R} 0-1

[Event "It (open)"]
[Site "masterchessopen.com Agios Nikolaos (Greece)"]
[Round "8"]
[White "Anagnostopoulos Dimitri (GRE)"]
[Black "Avrukh Boris (ISR)"]
[Result "0-1"]
[WhiteElo "2450"]
[BlackElo "2430"]

1.e4 c5 2.Nf3 d6 3.d4 cxd4 4.Nxd4 Nf6 5.Nc3 Nc6 6.Bg5 e6 7.Qd2 Be7 8.O-O-O
Nxd4 9.Qxd4 O-O 10.f4 Qa5 11.Bc4 Bd7 12.Rd3 Rad8 13.Rg3 Kh8 14.e5 dxe5 15.fxe5
Bc6 16.Qe3 Ng8 17.Bd3 Qb6 18.Qd2 h6 19.h4 Qd4 20.Qe1 Rd7 21.Kb1 a6 22.Qe2 b5
23.Rg4 Qc5 24.Be3 Qxe5 25.Bxh6 Bf6 26.Be3 Nh6 27.Rg5 Nf5 28.Rh3 b4 29.Nd1 Bb5
30.g4 Rfd8 31.gxf5 Rxd3 32.Qh5+ Kg8 33.cxd3 Bxd3+ 34.Kc1 Qc7+ 35.Kd2 Bxf5+
{#R} 0-1

[Event "Ch Brazil"]
[Site "masterchessopen.com Americana (Brazil)"]
[Round "5"]
[White "Milos Gilberto (BRA)"]
[Black "Tsuboi Edson Kenji (BRA)"]
[Result "1-0"]
[WhiteElo "2555"]
[BlackElo "2335"]

1.e4 c5 2.Nf3 d6 3.d4 cxd4 4.Nxd4 Nf6 5.Nc3 Nc6 6.Bg5 e6 7.Qd2 Be7 8.O-O-O O-O
9.f4 Nxd4 10.Qxd4 Qa5 11.Bc4 Bd7 12.e5 dxe5 13.fxe5 Bc6 14.Bd2 Nd7 15.Nd5 Qd8
16.Nxe7+ Qxe7 17.Rhe1 Rfd8 18.Bf1 Nf8 19.Qe3 b6 20.g3 Qb7 21.Bb4 Rxd1+ 22.Rxd1
Rc8 23.Rd2 Be4 24.b3 h6 25.Qd4 Bd5 26.Kb2 b5 27.Bd3 Nd7 28.c3 Ra8 29.Bb1 a5
30.Bd6 a4 31.Rf2 Nb6 32.Bb4 axb3 33.axb3 Qa7 34.h4 Qa1+ 35.Kc1 Rc8 36.Qd3 g6
37.Rxf7 {#r} 1-0

[Event "Staatsliga 1995/96"]
[Site "masterchessopen.com Austria"]
[Round "6"]
[White "Langwieser Alexander (AUT)"]
[Black "Hagen Kurt Mk (AUT)"]
[Result "0-1"]
[WhiteElo "2011"]
[BlackElo "2077"]

1.e4 c5 2.Nf3 Nc6 3.d4 cxd4 4.Nxd4 Nf6 5.Nc3 d6 6.Bg5 e6 7.Qd2 Be7 8.O-O-O O-O
9.f4 Nxd4 10.Qxd4 Qa5 11.Be2 h6 12.Bh4 e5 13.fxe5 dxe5 14.Qf2 Be6 15.Kb1 Rfd8
16.Bxf6 Bxf6 17.Bf3 Rd4 18.a3 b5 19.Rxd4 exd4 20.Nd5 Bxd5 21.exd5 b4 22.Qd2
Rb8 23.h4 Qa4 24.Qf4 Rb6 25.Qc7 bxa3 26.Qc8+ Kh7 27.Be4+ g6 28.Qc7 Kg7 29.b3
a2+ {#R} 0-1

[Event "Cup Bodensee"]
[Site "masterchessopen.com Baden (Germany)"]
[Round "0"]
[White "Zeller Frank (GER)"]
[Black "Pelletier Yannick (SUI)"]
[Result "0-1"]
[WhiteElo "2400"]
[BlackElo "2460"]

1.e4 c5 2.Nf3 Nc6 3.d4 cxd4 4.Nxd4 Nf6 5.Nc3 d6 6.Bg5 e6 7.Qd2 Be7 8.O-O-O O-O
9.f4 Nxd4 10.Qxd4 Qa5 11.Bc4 Bd7 12.e5 dxe5 13.fxe5 Bc6 14.Bd2 Nd7 15.Nd5 Qd8
16.Nxe7+ Qxe7 17.Rhe1 Rfd8 18.Qg4 Nf8 19.Be3 Ng6 20.Rxd8+ Qxd8 21.Bc5 Qa5
22.b4 Qa3+ 23.Kb1 Qc3 24.Re3 Qd2 25.g3 b6 26.Qd4 Qxh2 27.Bd6 Rc8 28.Bb3 Qg1+
29.Kb2 h5 30.Qd3 Qf2 31.Re2 Qf3 32.Re3 Qg4 33.Qa6 Qd4+ 34.Ka3 Ra8 35.Rd3 Qa1
36.Bc4 Nxe5 37.Rb3 Nxc4+ 38.Qxc4 Bd5 39.Qc3 Qf1 40.Rb2 Qa6# 0-1

[Event "It"]
[Site "masterchessopen.com Beijing (China)"]
[Round "0"]
[White "Peng Xiaomin (CHN)"]
[Black "Wang Zili (CHN)"]
[Result "0-1"]
[WhiteElo "2510"]
[BlackElo "2525"]

1.e4 c5 2.Nf3 d6 3.d4 cxd4 4.Nxd4 Nf6 5.Nc3 Nc6 6.Bg5 e6 7.Qd2 Be7 8.O-O-O O-O
9.f4 Nxd4 10.Qxd4 Qa5 11.Bc4 Bd7 12.e5 dxe5 13.fxe5 Bc6 14.Bd2 Nd7 15.Nd5 Qd8
16.Nxe7+ Qxe7 17.Rhe1 Nb6 18.Bb3 Rfc8 19.Kb1 Bd5 20.Bb4 Qc7 21.Bd6 Qc6 22.Qf2
Be4 23.Rd4 Bg6 24.Rf1 a5 25.a4 Nd5 26.g4 b5 27.h4 bxa4 28.Rxa4 Qb5 29.h5 Rxc2
30.Bxc2 Bxc2+ 31.Qxc2 Qxf1+ 32.Ka2 h6 33.Qc6 Ra6 34.Qc8+ Kh7 35.Qc2+ Kg8
36.Qc8+ Kh7 37.Qc2+ g6 38.hxg6+ fxg6 39.Qc8 Qb5 40.Rc4 Ra7 41.b3 Rb7 {#R} 0-1

[Event "It (open) \"]
[Site "masterchessopen.com Budapest (Hungary)"]
[Round "0"]
[White "Lampe Dirk (GER)"]
[Black "Videki Sandor (HUN)"]
[Result "0-1"]
[WhiteElo "2320"]
[BlackElo "2470"]

1.e4 c5 2.Nf3 d6 3.d4 cxd4 4.Nxd4 Nf6 5.Nc3 Nc6 6.Bg5 e6 7.Qd2 Be7 8.O-O-O O-O
9.f4 Nxd4 10.Qxd4 Qa5 11.Bc4 Bd7 12.Rd3 b5 13.Bb3 b4 14.e5 dxe5 15.fxe5 bxc3
16.Bxf6 gxf6 17.Qg4+ Kh8 18.Rxd7 f5 19.Qh5 Rae8 20.Qh6 cxb2+ 21.Kb1 Qc5 22.g4
Rg8 23.gxf5 Rg1+ 24.Rd1 Bg5 25.Qh5 Rxh1 26.Rxh1 Qe3 27.Kxb2 Qxe5+ 28.c3 Bd2
29.Qxf7 Qxc3+ 30.Ka3 Qc5+ 31.Kb2 Qd4+ 32.Kb1 Qd3+ 33.Kb2 Bc3+ 34.Ka3 Qd6+ {#R}
0-1

[Event "Memorial Bela Papp"]
[Site "masterchessopen.com Budapest (Hungary)"]
[Round "0"]
[White "Kiss Gedeon (HUN)"]
[Black "Grotkjaer Thomas (DEN)"]
[Result "1-0"]
[WhiteElo "2120"]
[BlackElo "2111"]

1.e4 c5 2.Nf3 Nc6 3.d4 cxd4 4.Nxd4 Nf6 5.Nc3 d6 6.Bg5 e6 7.Qd2 Be7 8.O-O-O O-O
9.f4 Nxd4 10.Qxd4 Qa5 11.Bc4 Bd7 12.Rd3 Rad8 13.Rg3 Kh8 14.Kb1 Bc6 15.Bd3 e5
16.Qf2 d5 17.fxe5 Ng8 18.exd5 Bxd5 19.Rh3 h6 20.Bxh6 Nxh6 21.Qf5 g6 22.Rxh6+
Kg7 23.Rxg6+ {#r} 1-0

[Event "Memorial Schneider"]
[Site "masterchessopen.com Budapest (Hungary)"]
[Round "2"]
[White "Simo Judit (HUN)"]
[Black "Kiss Gedeon (HUN)"]
[Result "0-1"]
[WhiteElo "2011"]
[BlackElo "2120"]

1.e4 c5 2.Nf3 d6 3.d4 cxd4 4.Nxd4 Nf6 5.Nc3 Nc6 6.Bg5 e6 7.Qd2 Be7 8.O-O-O O-O
9.f4 Nxd4 10.Qxd4 Qa5 11.Bc4 Bd7 12.Bxf6 Bxf6 13.e5 Be7 14.f5 exf5 15.Nd5 Bg5+
16.Kb1 dxe5 17.Qxe5 Kh8 18.Qg3 Bh6 19.Qc7 Qxc7 20.Nxc7 Rad8 21.Rd3 Bc8 22.Rhd1
Bg5 23.Nb5 Rxd3 24.Rxd3 a6 25.Nd6 Be6 26.Bd5 b6 27.Bb7 a5 28.Bd5 Kg8 29.Nc4
Bd8 30.h3 g6 31.Kc1 Kg7 32.Bxe6 fxe6 33.Rd6 Bg5+ 34.Kd1 Rd8 35.Ke2 Rxd6
36.Nxd6 e5 37.Nc8 Bd8 38.Ke3 Kf6 39.c4 g5 40.g3 Bc7 41.b3 h5 {#R} 0-1

[Event "It \"]
[Site "masterchessopen.com Buenos Aires (Argentina)"]
[Round "3"]
[White "Iglesias Jorge (ARG)"]
[Black "Sola Ruben (ARG)"]
[Result "1-0"]
[WhiteElo "2300"]
[BlackElo "2338"]

1.e4 c5 2.Nf3 d6 3.d4 cxd4 4.Nxd4 Nf6 5.Nc3 Nc6 6.Bg5 e6 7.Qd2 Be7 8.O-O-O O-O
9.f4 Nxd4 10.Qxd4 Qa5 11.Bc4 Bd7 12.e5 dxe5 13.Qxe5 Qb6 14.Qe2 Bc6 15.f5 Qc5
16.Bxf6 Bxf6 17.fxe6 Bxc3 18.exf7+ Kh8 19.bxc3 b5 20.Be6 Qxc3 21.Kb1 Qb4+
22.Bb3 a5 23.Qd2 Qh4 24.g3 Qh5 25.Rhf1 a4 26.Be6 b4 27.Rf4 b3 28.cxb3 Qg6+
29.Bf5 Qxf7 30.Bxh7 Qe7 31.Rh4 axb3 32.Bd3+ Kg8 33.Bc4+ Rf7 34.Bxb3 Be4+
35.Ka1 Qf6+ 36.Qb2 Qf3 37.Rf4 Rxa2+ 38.Kxa2 {#r} 1-0

[Event "It (open)"]
[Site "masterchessopen.com Ceske Budejovice (Czech Republic)"]
[Round "9"]
[White "Belaska Premysl (CZE)"]
[Black "Jurka Miroslav (CZE)"]
[Result "0-1"]
[WhiteElo "2230"]
[BlackElo "2335"]

1.e4 c5 2.Nf3 d6 3.d4 cxd4 4.Nxd4 Nf6 5.Nc3 Nc6 6.Bg5 e6 7.Qd2 Be7 8.O-O-O O-O
9.f4 Nxd4 10.Qxd4 Qa5 11.Be2 h6 12.Bh4 e5 13.fxe5 dxe5 14.Qd2 Nxe4 15.Qe3 Nxc3
16.Bxe7 Nxd1 17.Rxd1 Re8 18.Bh4 Bf5 19.Bd3 Bxd3 20.Rxd3 Qxa2 21.b3 Rac8 22.Qe2
Qa1+ 23.Kd2 Rxc2+ {#R} 0-1

[Event "Ch World (juniors) (under 16)"]
[Site "masterchessopen.com Guarapuava (Brazil)"]
[Round "1"]
[White "Andrade Marko (BOL)"]
[Black "Bakhtadze Giorgi (GEO)"]
[Result "0-1"]
[WhiteElo "2127"]
[BlackElo "2275"]

1.e4 c5 2.Nf3 d6 3.d4 cxd4 4.Nxd4 Nf6 5.Nc3 Nc6 6.Bg5 e6 7.Qd2 Be7 8.O-O-O
Nxd4 9.Qxd4 O-O 10.f4 Qa5 11.h3 h6 12.Bh4 e5 13.fxe5 dxe5 14.Qe3 Be6 15.Bxf6
Bxf6 16.Kb1 Rfd8 17.Be2 Rac8 18.Rxd8+ Bxd8 19.Nd5 Bxd5 20.exd5 Qxd5 21.Bf3 Qa5
22.Bxb7 Rb8 23.Bf3 e4 24.Bxe4 Bf6 25.b3 Re8 26.Re1 Rxe4 27.Qxe4 Qc3 28.Kc1
Qa1+ 29.Kd2 Bc3+ 30.Kd3 Qxe1 {#R} 0-1

[Event "Ch World (juniors) (under 20)"]
[Site "masterchessopen.com Halle (Germany)"]
[Round "10"]
[White "Krakops Maris (LAT)"]
[Black "Relange Eloi (FRA)"]
[Result "1-0"]
[WhiteElo "2525"]
[BlackElo "2455"]

1.e4 c5 2.Nf3 d6 3.d4 cxd4 4.Nxd4 Nf6 5.Nc3 Nc6 6.Bg5 e6 7.Qd2 Be7 8.O-O-O O-O
9.f4 Nxd4 10.Qxd4 Qa5 11.Kb1 h6 12.h4 e5 13.Qd3 exf4 14.Bxf4 Be6 15.Be2 Rac8
16.Nd5 Rfe8 17.Rhf1 Bxd5 18.exd5 Qa4 19.Bc1 Nxd5 20.Qf5 Nb4 21.Bc4 Bf6 22.Bb3
Qc6 23.c3 Na6 24.Bc2 Re2 25.Bxh6 Nb4 26.Qh7+ Kf8 27.Rxf6 Qxg2 28.Rxf7+ {#r}
1-0

[Event "Ch World (juniors) (under 20)"]
[Site "masterchessopen.com Halle (Germany)"]
[Round "11"]
[White "Wallace John Paul (AUS)"]
[Black "Pelletier Yannick (SUI)"]
[Result "0-1"]
[WhiteElo "2405"]
[BlackElo "2460"]

1.e4 c5 2.Nf3 d6 3.d4 cxd4 4.Nxd4 Nf6 5.Nc3 Nc6 6.Bg5 e6 7.Qd2 Be7 8.O-O-O O-O
9.f4 Nxd4 10.Qxd4 Qa5 11.Bc4 Bd7 12.e5 dxe5 13.fxe5 Bc6 14.Bd2 Nd7 15.Nd5 Qd8
16.Nxe7+ Qxe7 17.Rhe1 Rfd8 18.Qg4 Nf8 19.Bf1 Qc5 20.Bc3 Rd5 21.Rxd5 Qxd5 22.b3
Rd8 23.a4 a6 24.g3 Qc5 25.Kb2 Qf2 26.Qe2 Qg1 27.Bh3 Qb6 28.Kc1 Bd5 29.Qe3 Qc6
30.a5 Rc8 31.Kb2 Nd7 32.Re2 Qb5 33.Rf2 Nc5 34.Qf4 Nd3+ 35.cxd3 Qxb3+ {#R} 0-1

[Event "It (open)"]
[Site "masterchessopen.com Hania (Greece)"]
[Round "4"]
[White "Darmarakis Mihail (GRE)"]
[Black "Argiroudis Stamatis (GRE)"]
[Result "1-0"]
[WhiteElo "2204"]
[BlackElo "2292"]

1.e4 c5 2.Nf3 Nc6 3.d4 cxd4 4.Nxd4 Nf6 5.Nc3 d6 6.Bg5 e6 7.Qd2 Be7 8.O-O-O O-O
9.f4 Nxd4 10.Qxd4 Qa5 11.Bc4 Bd7 12.e5 dxe5 13.fxe5 Bc6 14.Bd2 Nd7 15.Nd5 Qd8
16.Nxe7+ Qxe7 17.Rhe1 Rfc8 18.Qg4 b5 19.Bd3 Nc5 20.Bg5 Nxd3+ 21.Rxd3 Qc5
22.Qh4 Bxg2 23.Rc3 Qb6 24.Rg3 Qf2 25.Bd2 Rxc2+ 26.Kxc2 Rc8+ 27.Kd3 Bf1+
28.Rxf1 Qxf1+ 29.Ke3 Qb1 30.Qf6 g6 31.Rf3 Qg1+ 32.Rf2 Rf8 33.Bb4 Qc1+ 34.Kf3
Qd1+ 35.Kg3 h5 36.Qf4 Qd3+ 37.Rf3 h4+ 38.Kxh4 Qd8+ 39.Kg3 {#r} 1-0

[Event "Ch Europe (juniors) (under 20)"]
[Site "masterchessopen.com Holon (Israel)"]
[Round "2"]
[White "Nisipeanu Liviu-Dieter (ROM)"]
[Black "Tyomkin Dimitri (CAN)"]
[Result "0-1"]
[WhiteElo "2465"]
[BlackElo "2385"]

1.e4 c5 2.Nf3 d6 3.d4 cxd4 4.Nxd4 Nf6 5.Nc3 Nc6 6.Bg5 e6 7.Qd2 Be7 8.O-O-O O-O
9.f4 Nxd4 10.Qxd4 Qa5 11.h4 Rd8 12.Qe3 h6 13.Be2 Bd7 14.e5 dxe5 15.fxe5 hxg5
16.hxg5 Nh7 17.Rxh7 Kxh7 18.Rh1+ Kg8 19.Kb1 g6 20.Qf4 Kg7 21.Rf1 Rf8 22.Ne4
Bc6 23.Nd6 Bxg2 24.b4 Qa3 25.Rg1 Bd5 {#R} 0-1

[Event "It (cat.11)"]
[Site "masterchessopen.com Horgen (Switzerland)"]
[Round "2"]
[White "Masserey Yvan (SUI)"]
[Black "Zueger Beat (SUI)"]
[Result "0-1"]
[WhiteElo "2350"]
[BlackElo "2470"]

1.e4 c5 2.Nf3 Nc6 3.d4 cxd4 4.Nxd4 Nf6 5.Nc3 d6 6.Bg5 e6 7.Qd2 Be7 8.O-O-O O-O
9.f4 Nxd4 10.Qxd4 Qa5 11.Bc4 Bd7 12.e5 dxe5 13.Qxe5 Qb4 14.Bb3 Bc6 15.Rd4 Qb6
16.Rhd1 h6 17.Bh4 Ng4 18.Qh5 Bxh4 19.Qxg4 Bf6 20.R4d3 a5 21.f5 a4 22.Bc4 exf5
23.Qxf5 Ra5 24.Qf1 Rc5 25.Rd6 a3 26.Na4 Bg5+ 27.Kb1 Qb4 28.Bb3 Bxa4 29.R6d4
Bxb3 30.Rxb4 Bxc2+ 31.Ka1 Bxd1 32.Rc4 Rxc4 33.Qxc4 Bf6 34.Kb1 axb2 {#R} 0-1

[Event "Ch Hungary (team) 1995/96 (2 liga)"]
[Site "masterchessopen.com Hungary"]
[Round "2"]
[White "Kokavecz Andras (HUN)"]
[Black "Kiss Gedeon (HUN)"]
[Result "0-1"]
[WhiteElo "2196"]
[BlackElo "2120"]

1.e4 c5 2.Nf3 Nc6 3.d4 cxd4 4.Nxd4 Nf6 5.Nc3 d6 6.Bg5 e6 7.Qd2 Be7 8.O-O-O O-O
9.f4 Nxd4 10.Qxd4 Qa5 11.Bc4 Bd7 12.Bb3 Bc6 13.Rhe1 b5 14.e5 dxe5 15.Rxe5 h6
16.Bh4 Rad8 17.Qg1 Qc7 18.Rxd8 Rxd8 19.Nxb5 Bxb5 20.Bxf6 Bxf6 21.Rxb5 Qxf4+
22.Kb1 Qf2 23.Qc1 Bg5 24.Rxg5 hxg5 25.c4 Qxg2 26.c5 g4 27.c6 Rc8 28.Ba4 Qe4+
{#R} 0-1

[Event "Ch Hungary (team) 1995/96 (2 liga)"]
[Site "masterchessopen.com Hungary"]
[Round "6"]
[White "Simo Judit (HUN)"]
[Black "Bodnar Alexander (UKR)"]
[Result "1-0"]
[WhiteElo "2011"]
[BlackElo "2301"]

1.e4 c5 2.Nf3 d6 3.d4 cxd4 4.Nxd4 Nf6 5.Nc3 Nc6 6.Bg5 e6 7.Qd2 Be7 8.O-O-O O-O
9.f4 Nxd4 10.Qxd4 Qa5 11.Bc4 a6 12.Kb1 b5 13.Bb3 Rd8 14.a3 Rb8 15.e5 dxe5
16.Qxe5 Bb7 17.f5 Ng4 18.Qe2 Bxg5 19.Qxg4 Bf6 20.fxe6 fxe6 21.Qxe6+ Kh8
22.Rxd8+ Rxd8 23.Re1 Rf8 24.Qf7 Qd8 25.Qxb7 Bxc3 26.bxc3 Qd2 27.Qe7 {#r} 1-0

[Event "Ch Yugoslavia (1/2 final) (open)"]
[Site "masterchessopen.com Nis (Yugoslavia)"]
[Round "5"]
[White "Solak Dragan (SRB)"]
[Black "Aleksic Milan (SRB)"]
[Result "0-1"]
[WhiteElo "2240"]
[BlackElo "2232"]

1.e4 c5 2.Nf3 Nc6 3.d4 cxd4 4.Nxd4 Nf6 5.Nc3 d6 6.Bg5 e6 7.Qd2 Be7 8.f4 O-O
9.O-O-O Nxd4 10.Qxd4 Qa5 11.Bc4 Bd7 12.e5 dxe5 13.fxe5 Bc6 14.Bd2 Nd7 15.Nd5
Qd8 16.Nxe7+ Qxe7 17.Rhe1 Rfd8 18.Qg4 Nf8 19.Bd3 Rxd3 20.cxd3 Qd7 21.Re3 Qd5
22.Kb1 Ng6 23.Qh5 Qb5 24.Rh3 h6 25.Rg3 Bd5 26.Qg4 h5 27.Qb4 Qd7 28.Rg5 a5
29.Qb6 Bxa2+ 30.Kc2 Ra6 31.Qe3 Qa4+ 32.Kc1 Bb3 33.Bc3 Qa1+ 34.Kd2 Qxd1# 0-1

[Event "Zt"]
[Site "masterchessopen.com Odorheiu Secuiesc (Romania)"]
[Round "1"]
[White "Nevednichy Vladislav (ROM)"]
[Black "Hracek Zbynek (CZE)"]
[Result "0-1"]
[WhiteElo "2480"]
[BlackElo "2635"]

1.e4 c5 2.Nf3 d6 3.d4 cxd4 4.Nxd4 Nf6 5.Nc3 Nc6 6.Bg5 e6 7.Qd2 Be7 8.O-O-O O-O
9.f4 Nxd4 10.Qxd4 Qa5 11.Be2 Bd7 12.e5 dxe5 13.fxe5 Bc6 14.Qf4 Nd5 15.Nxd5
Bxg5 16.Qxg5 Bxd5 17.a3 b5 18.Rd4 Rac8 19.Rg4 g6 20.Rh4 Qc7 21.c3 a5 22.Bxb5
Bb3 23.Rf1 Rcd8 24.Ba4 Bxa4 25.Rxa4 Rd5 26.Re4 f5 27.Qf4 Rfd8 28.Ree1 Rd3
29.Rf3 R3d4 30.Qh6 Qc4 31.Qg5 R8d7 32.h3 R4d5 33.Qe3 Qa2 34.Qe2 Rd2 35.Qxd2
Rxd2 36.Kxd2 Qxb2+ 37.Ke3 Qxg2 38.Rd1 g5 39.Rd3 h5 40.c4 g4 41.hxg4 hxg4 {#R}
0-1

[Event "It (open)"]
[Site "masterchessopen.com Pinneberg (Germany)"]
[Round "6"]
[White "Bokelbrink Uwe (GER)"]
[Black "Rabeler Gert (GER)"]
[Result "1-0"]
[WhiteElo "2275"]
[BlackElo "2229"]

1.e4 c5 2.Nf3 Nc6 3.d4 cxd4 4.Nxd4 Nf6 5.Nc3 d6 6.Bg5 e6 7.Qd2 Be7 8.O-O-O O-O
9.f4 Nxd4 10.Qxd4 Qa5 11.Kb1 Rd8 12.Be2 e5 13.Qd2 exf4 14.Bxf6 Bxf6 15.Nd5
Qxd2 16.Nxf6+ gxf6 17.Rxd2 Kf8 18.Rf1 Ke7 19.Rxf4 Rg8 20.g3 Be6 21.Rd4 Rg5
22.Rh4 Rh8 23.Ra4 a5 24.Rd4 h5 25.b3 Bg4 26.Bxg4 Rxg4 27.Rd5 Rg5 28.Rf5 Ke6
29.Rhf4 Rh6 30.Rxg5 fxg5 31.Rf5 f6 32.Rxa5 h4 33.Rb5 hxg3 34.hxg3 Rh3 35.Rxb7
Rxg3 36.a4 Re3 37.a5 Rxe4 38.a6 {#r} 1-0

[Event "It"]
[Site "masterchessopen.com Reggio Emilia (Italy)"]
[Round "0"]
[White "Tatai Stefano (ITA)"]
[Black "Epishin Vladimir (GER)"]
[Result "1-0"]
[WhiteElo "2435"]
[BlackElo "2640"]

1.e4 c5 2.Nf3 d6 3.d4 cxd4 4.Nxd4 Nf6 5.Nc3 Nc6 6.Bg5 e6 7.Qd2 Be7 8.O-O-O O-O
9.f4 Nxd4 10.Qxd4 Qa5 11.Bc4 Bd7 12.e5 dxe5 13.fxe5 Bc6 14.Bd2 Nd7 15.Nd5 Qd8
16.Nxe7+ Qxe7 17.Rhe1 Rfd8 18.Qg4 Nf8 19.Bd3 Qc7 20.Bb4 Bd5 21.Kb1 Rac8 22.Bd6
Qc6 23.b3 b5 24.Re3 Ng6 25.h4 f5 26.Qg5 Rd7 27.h5 Nf8 28.Rd2 Rf7 29.Rf2 h6
30.Qf4 Nh7 31.g4 Ng5 32.gxf5 exf5 33.Bxf5 Re8 34.Qd4 Be6 35.Bxe6 Nxe6 36.Qh4
Rc8 37.Ree2 Rxf2 38.Rxf2 Qd5 39.Qg4 Rc3 40.Rf6 Kh8 41.Rxe6 Qc6 42.Re7 {#r} 1-0

[Event "?"]
[Site "masterchessopen.com Romania"]
[Round "0"]
[White "Bologan Viktor (MDA)"]
[Black "Cosma Ioan (ROM)"]
[Result "1-0"]
[WhiteElo "2530"]
[BlackElo "2435"]

1.e4 c5 2.Nf3 d6 3.d4 Nf6 4.Nc3 cxd4 5.Nxd4 Nc6 6.Bg5 e6 7.Qd2 Be7 8.O-O-O
Nxd4 9.Qxd4 O-O 10.f4 Qa5 11.Kb1 Rd8 12.h4 Bd7 13.Qd2 Bc6 14.Bd3 h6 15.f5 hxg5
16.hxg5 Qe5 17.gxf6 Bxf6 18.g4 exf5 19.g5 fxe4 20.gxf6 exd3 21.Qxd3 Bxh1
22.Rxh1 g6 23.Nd5 Re8 24.Qd2 g5 25.a3 Rac8 26.Qd3 Qe4 27.Qh3 Qh4 28.Ne7+ Kf8
29.Qxh4 gxh4 30.Rxh4 {#r} 1-0

[Event "It (open)"]
[Site "masterchessopen.com Sala (Slovakia)"]
[Round "1"]
[White "Mokos Jozef (SVK)"]
[Black "Chmelik Lukas (SVK)"]
[Result "0-1"]
[WhiteElo "2249"]
[BlackElo "2252"]

1.e4 c5 2.Nf3 d6 3.d4 cxd4 4.Nxd4 Nf6 5.Nc3 Nc6 6.Bg5 e6 7.Qd2 Be7 8.O-O-O O-O
9.f4 Nxd4 10.Qxd4 Qa5 11.Bc4 Bd7 12.e5 dxe5 13.fxe5 Bc6 14.Bd2 Nd7 15.Nd5 Qd8
16.Nxe7+ Qxe7 17.Rhe1 Rfd8 18.Qg4 Nf8 19.Bd3 Rd5 20.h4 Rc8 21.Bb4 Qd8 22.Kb1
Kh8 23.Qh5 Ng6 24.Bxg6 fxg6 25.Qg4 Qe8 26.Rf1 Qd7 27.Bd6 b6 28.Rxd5 Bxd5
29.Qf4 h6 30.Rf2 Qc6 31.g4 Be4 32.Qd2 Bxc2+ {#R} 0-1

[Event "It (open) \"]
[Site "masterchessopen.com Switzerland"]
[Round "0"]
[White "Landenbergue Claude (SUI)"]
[Black "Domont Alexandre (SUI)"]
[Result "1-0"]
[WhiteElo "2420"]
[BlackElo "2340"]

1.e4 c5 2.Nf3 Nc6 3.d4 cxd4 4.Nxd4 Nf6 5.Nc3 d6 6.Bg5 e6 7.Qd2 Be7 8.O-O-O O-O
9.f4 Nxd4 10.Qxd4 Qa5 11.Kb1 h6 12.Bh4 e5 13.Qd2 Nxe4 14.Nxe4 Qxd2 15.Rxd2
Bxh4 16.g3 Be7 17.Bg2 Rd8 18.Nc3 Rb8 19.Re1 Be6 20.Bd5 exf4 21.gxf4 Bh4
22.Red1 Bxd5 23.Rxd5 Rbc8 24.Ne4 Rc4 25.R1d4 Rxd4 26.Rxd4 d5 27.Nc3 Bf6
28.Rxd5 Re8 29.Rd7 Re1+ 30.Nd1 Rh1 31.c4 b6 32.b4 Rxh2 33.Rxa7 Rd2 34.Kc1 Rd4
35.Ne3 g5 36.Nf5 Rxc4+ 37.Kd1 Rxb4 38.Nxh6+ Kg7 39.fxg5 Rd4+ 40.Kc2 Rc4+
41.Kb3 Rc3+ 42.Kb4 Bxg5 43.Rxf7+ Kxh6 44.Kxc3 Be3 45.Kc4 Kg6 46.Rf3 Bc5 47.a4
{#r} 1-0

[Event "It (open)"]
[Site "masterchessopen.com Timishoara (Romania)"]
[Round "2"]
[White "Ardelean George Catalin (ROM)"]
[Black "Peptan Corina-Isabela (ROM)"]
[Result "0-1"]
[WhiteElo "2491"]
[BlackElo "2340"]

1.e4 c5 2.Nf3 d6 3.d4 cxd4 4.Nxd4 Nf6 5.Nc3 Nc6 6.Bg5 e6 7.f4 Be7 8.Qd2 O-O
9.O-O-O Nxd4 10.Qxd4 Qa5 11.Be2 Bd7 12.Bxf6 Bxf6 13.e5 dxe5 14.Qxd7 exf4
15.Rd3 a6 16.Rhd1 Rad8 17.Qxb7 Rb8 18.Qe4 Rfc8 19.Qa4 Qc5 20.Bf3 g6 21.Qxa6
Qb4 22.Qa3 Qxa3 23.bxa3 Bxc3 24.a4 e5 25.Rd6 Kg7 26.Rc6 Bb2+ 27.Kd2 Re8 28.Re1
Rbd8+ 29.Ke2 e4 30.Bg4 f5 31.Bh3 e3 32.Rd1 Rxd1 33.Kxd1 e2+ 34.Ke1 Bd4 35.Rc7+
Kh6 {#R} 0-1

[Event "Ch Netherlands (juniors) (under 20)"]
[Site "masterchessopen.com Arnhem (Netherlands)"]
[Round "5"]
[White "Van Kooten Luuk (NED)"]
[Black "Van Delft Merijn (NED)"]
[Result "1-0"]
[WhiteElo "2346"]
[BlackElo "2185"]

1.e4 c5 2.Nf3 Nc6 3.Nc3 d6 4.d4 cxd4 5.Nxd4 Nf6 6.Bg5 e6 7.Qd2 Be7 8.O-O-O
Nxd4 9.Qxd4 O-O 10.f4 Qa5 11.Bc4 Bd7 12.e5 dxe5 13.fxe5 Bc6 14.Bd2 Nd7 15.Nd5
Qc5 16.Nxe7+ Qxe7 17.Rhe1 Rfd8 18.Bf1 Nf8 19.Qe3 Qh4 20.h3 Ng6 21.g3 Qa4
22.Kb1 Qd4 23.Qe2 Qg1 24.Bf4 Nxf4 25.gxf4 Qg3 26.f5 Rxd1+ 27.Rxd1 exf5 28.e6
Re8 29.exf7+ Kxf7 30.Qh5+ Kf6 31.Bc4 Re7 32.Bd3 g6 33.Qh6 Re1 34.Qf8+ Kg5
35.Qd8+ Kh6 36.Bf1 Bf3 37.Qd2+ {#r} 1-0

[Event "It (open)"]
[Site "masterchessopen.com Balatonbereny (Hungary)"]
[Round "3"]
[White "Turzo Attila (HUN)"]
[Black "Kiss Attila (HUN)"]
[Result "0-1"]
[WhiteElo "2315"]
[BlackElo "2435"]

1.e4 c5 2.Nf3 Nc6 3.d4 cxd4 4.Nxd4 Nf6 5.Nc3 d6 6.Bg5 e6 7.Qd2 Be7 8.O-O-O O-O
9.f4 Nxd4 10.Qxd4 a6 11.Bc4 b5 12.Bb3 Qc7 13.f5 Rb8 14.Rhf1 b4 15.Ne2 e5
16.Qd3 a5 17.Kb1 Rb6 18.Qf3 Ba6 19.g4 Rc8 20.Rd2 Nxe4 21.Qxe4 Bxg5 22.Rdd1 Bc4
23.Bxc4 Qxc4 24.Ng3 Rbc6 25.Rf2 Bh4 26.Qf3 a4 27.f6 Bxf6 28.Nf5 e4 29.Qf4 b3
30.axb3 axb3 31.cxb3 Qxb3 32.Rxd6 Rc2 33.Rb6 Rxb2+ 34.Rxb2 Qd1+ {#R} 0-1

[Event "Ch Belgium (team) 1995/96"]
[Site "masterchessopen.com Belgium"]
[Round "5"]
[White "Dutreeuw Marc (BEL)"]
[Black "Mohandesi Shahin (IRI)"]
[Result "1-0"]
[WhiteElo "2390"]
[BlackElo "2355"]

1.e4 c5 2.Nf3 Nc6 3.d4 cxd4 4.Nxd4 Nf6 5.Nc3 d6 6.Bg5 e6 7.Qd2 Be7 8.O-O-O O-O
9.f4 Nxd4 10.Qxd4 Qa5 11.e5 dxe5 12.Qxe5 Qb6 13.Na4 Qf2 14.Rd2 Qxd2+ 15.Kxd2
Bd7 16.Nc3 Bc6 17.Bb5 Rac8 18.Kc1 h6 19.Bh4 Nd7 20.Bxe7 Nxe5 21.Bxf8 Ng6
22.Bd6 Bxg2 23.Rg1 Bf3 24.Rg3 Bh1 25.Bd3 Rd8 26.Bxg6 Rxd6 27.Rd3 Rxd3 28.Bxd3
f5 29.Nb5 Kf7 30.Nxa7 g5 31.fxg5 hxg5 32.Nb5 Kf6 33.Nc3 g4 34.Kd2 e5 35.Ke3
Kg5 36.a4 Bc6 37.a5 Bd7 38.b4 Kh4 39.Kf2 Kh3 40.Kg1 g3 41.Bf1+ Kg4 42.hxg3
Kxg3 43.Bg2 Bc8 44.Ne2+ Kg4 45.Kf2 e4 46.Ke3 Be6 47.Kd4 Bd7 48.c4 Be6 49.b5
Bc8 50.Nc3 {#r} 1-0